MARC details
| 000 -CABECERA |
| campo de control de longitud fija |
02681nam a2200313 i 4500 |
| 001 - NÚMERO DE CONTROL |
| campo de control |
000047909 |
| 003 - IDENTIFICADOR DEL NÚMERO DE CONTROL |
| campo de control |
DO-SdBNP |
| 005 - FECHA Y HORA DE LA ÚLTIMA TRANSACCIÓN |
| campo de control |
20251013132200.0 |
| 007 - CAMPO FIJO DE DESCRIPCIÓN FÍSICA--INFORMACIÓN GENERAL |
| campo de control de longitud fija |
ta |
| 008 - DATOS DE LONGITUD FIJA--INFORMACIÓN GENERAL |
| campo de control de longitud fija |
181003e2007 dr adc gr s001 e spa d |
| 020 ## - NÚMERO INTERNACIONAL ESTÁNDAR DEL LIBRO |
| Número Internacional Estándar del Libro |
9789945130546, v.1 |
| 020 ## - NÚMERO INTERNACIONAL ESTÁNDAR DEL LIBRO |
| Número Internacional Estándar del Libro |
9789945130584, v.2 |
| 040 ## - FUENTE DE LA CATALOGACIÓN |
| Centro catalogador/agencia de origen |
DO-SdBNP |
| Lengua de catalogación |
spa |
| Centro/agencia transcriptor |
BNPHU |
| Normas de descripción |
rda |
| 041 ## - CÓDIGO DE LENGUA |
| Código de lengua del texto/banda sonora o título independiente |
spa |
| 082 #4 - NÚMERO DE LA CLASIFICACIÓN DECIMAL DEWEY |
| Número de clasificación |
xxx |
| Número de documento/Ítem |
xxx |
| Número de edición |
22 |
| 111 2# - ENTRADA PRINCIPAL--NOMBRE DE CONGRESO/REUNIÓN |
| Nombre de congreso/reunión o jurisdicción como elemento de entrada |
Seminario Taller la Campaña Electoral, Regulación y Control |
| Fecha del congreso/reunión |
(2007 : 14-15 jun. |
| Sede del congreso/Lugar de la reunión |
Santo Domingo) |
| 9 (RLIN) |
75468 |
| 245 13 - MENCIÓN DE TÍTULO |
| Título |
La campaña electoral : |
| Resto del título |
regulación y control ; editor, Nurys Paulino |
| 264 #1 - PRODUCCIÓN, PUBLICACIÓN, DISTRIBUCIÓN, FABRICACIÓN Y COPYRIGHT |
| Producción, publicación, distribución, fabricación y copyright |
Santo Domingo : |
| Nombre del de productor, editor, distribuidor, fabricante |
Junta Central Electoral, |
| Fecha de producción, publicación, distribución, fabricación o copyright |
2007. |
| 300 ## - DESCRIPCIÓN FÍSICA |
| Extensión |
volumenes ; |
| Otras características físicas |
ilustraciones, gráficos, retratos ; |
| Dimensiones |
22 cm. |
| 336 ## - TIPO DE CONTENIDO |
| Término de tipo de contenido |
texto |
| Código de tipo de contenido |
txt |
| Fuente |
rdacontent |
| 337 ## - TIPO DE MEDIO |
| Nombre/término del tipo de medio |
sin mediación |
| Código del tipo de medio |
n |
| Fuente |
rdamedia |
| 338 ## - TIPO DE SOPORTE |
| Nombre/término del tipo de soporte |
volumen |
| Código del tipo de soporte |
nc |
| Fuente |
rdacarrier |
| 505 0# - NOTA DE CONTENIDO CON FORMATO |
| Nota de contenido con formato |
Presentación-- |
| Título |
Discurso de bienvenida a cargo del Doctor Julio César Castaños Guzmán-- |
| -- |
Discurso del Reverendo Padre Ramón Alonso, Rector de la Universidad Católica Santo Domingo-- |
| -- |
Tema 1-- |
| -- |
Marcos regulatorios de la campaña electoral en República Dominicana / |
| -- |
Regulación y Control de las campañas electorales en América Latina: balance general- |
| -- |
Tema 2-- |
| -- |
Campaña electorales, equidad y democracia en México : experiencia mexicana -- |
| -- |
Tema 3-- |
| -- |
Campaña electoral, regulación y control experiencia chilena -- |
| -- |
Tema 4-- |
| -- |
Panel representantes partidos políticos -- |
| -- |
Palabras de Clausura. |
| 505 0# - NOTA DE CONTENIDO CON FORMATO |
| Nota de contenido con formato |
v.2-- |
| Título |
Campaña Electoral: Financiamien-- |
| Información miscelánea |
Presentación -- |
| Título |
Discurso de bienvenida a cargo del Dr. Julio César-- |
| Información miscelánea |
Tema I-- |
| Título |
"Marco Jurídico del Financiamiento de la Campaña Electoral en la República Dominicana, Dr. José Ángel Aquino Rodríguez, Miembro Titular de la Cámara Administrativa de la Junta Central Electoral-- |
| -- |
"Evolución del Financiamiento de la Campaña Electoral en Europa: experiencia en las Islas Canarias, Dr. Alfredo Belda, Diputado del parlamento Canario, España-- |
| Información miscelánea |
Tema II-- |
| Título |
Financiamiento de los partidos políticos y de las Campañas Electorales en México, Lic. Arturo Sánchez Guitiérrez, Ministro Consejo Instituto Federal Electoral de México (IFE)-- |
| -- |
Financiación de Campañas Electorales y Rendición de Cuentas de las Campañas: Experiencia colombiana, Dr. Marco Emilio Hincapié Ramírez, Miembro Titular del Consejo Nacional Electoral de Colombia-- |
| -- |
Palabras de clausura, Dr. César Francisco Féliz Féliz, Miembro Titular de la Cámara Administrativa de la Junta Central Electoral. |
| 590 ## - NOTA LOCAL (RLIN) |
| Nota local |
Inventariado, 2019/ VM |
| 700 ## - PUNTO DE ACCESO ADICIONAL--NOMBRE DE PERSONA |
| Nombre de persona |
Paulino, Nurys, |
| Término indicativo de función/relación |
editor |
| Código de función/relación |
ed. |
| 9 (RLIN) |
22136 |
| 710 1# - PUNTO DE ACCESO ADICIONAL--NOMBRE DE ENTIDAD CORPORATIVA |
| Nombre de entidad corporativa o nombre de jurisdicción como elemento de entrada |
República Dominicana. |
| Unidad subordinada |
Junta Central Electoral |
| 9 (RLIN) |
64605 |
| 942 ## - ELEMENTOS DE PUNTO DE ACCESO ADICIONAL (KOHA) |
| Fuente del sistema de clasificación o colocación |
Dewey Decimal Classification |
| Tipo de ítem Koha |
Libro |